Statistiques concernant Conjugaison - Avoir

Cliquez ici pour prendre le quiz!

Statistiques générales

  • Ce quiz a été pris 100 fois
  • Le résultat moyen est 61 sur 97

Statistiques - réponses

TempsPronomsVerbe% Correct
Indicatif présentJeai
100%
Indicatif présentTuas
98%
Indicatif présentIl/Elle/Ona
96%
Indicatif présentVousavez
96%
Indicatif présentNousavons
96%
Indicatif présentIls/Ellesont
96%
Indicatif imparfaitJeavais
92%
Indicatif imparfaitTuavais
90%
Indicatif imparfaitIl/Elle/Onavait
90%
Indicatif imparfaitNousavions
89%
Indicatif imparfaitIls/Ellesavaient
88%
Indicatif imparfaitVousaviez
88%
Indicatif passé composéJeai eu
87%
Indicatif passé composéIl/Elle/Ona eu
86%
Indicatif passé composéTuas eu
86%
Indicatif passé composéIls/Ellesont eu
86%
Indicatif passé composéVousavez eu
85%
Indicatif passé composéNousavons eu
85%
Indicatif plus-que-parfaitTuavais eu
81%
Indicatif plus-que-parfaitIl/Elle/Onavait eu
81%
Indicatif plus-que-parfaitVousaviez eu
81%
Indicatif plus-que-parfaitNousavions eu
81%
Indicatif passé simpleJeeus
81%
Indicatif futur simpleIl/Elle/Onaura
80%
Indicatif futur simpleJeaurai
80%
Indicatif futur simpleTuauras
80%
Indicatif futur simpleVousaurez
80%
Indicatif futur simpleNousaurons
80%
Indicatif plus-que-parfaitIls/Ellesavaient eu
80%
Indicatif plus-que-parfaitJeavais eu
80%
Indicatif passé simpleTueus
80%
Indicatif passé simpleIl/Elle/Oneut
80%
Indicatif futur simpleIls/Ellesauront
78%
Indicatif passé simpleNouseûmes
75%
Indicatif passé simpleIls/Elleseurent
75%
Indicatif passé simpleVouseûtes
73%
Indicatif futur antérieurIl/Elle/Onaura eu
72%
Indicatif futur antérieurTuauras eu
72%
Indicatif futur antérieurVousaurez eu
72%
Indicatif futur antérieurNousaurons eu
72%
Indicatif futur antérieurJeaurai eu
71%
Indicatif futur antérieurIls/Ellesauront eu
71%
Indicatif passé antérieurTueus eu
70%
Indicatif passé antérieurJeeus eu
70%
Indicatif passé antérieurIl/Elle/Oneut eu
70%
Indicatif passé antérieurNouseûmes eu
68%
Indicatif passé antérieurIls/Elleseurent eu
67%
Indicatif passé antérieurVouseûtes eu
67%
Conditionnel présentJeaurais
62%
Conditionnel présentTuaurais
62%
Conditionnel présentVousauriez
62%
Conditionnel présentNousaurions
62%
Conditionnel présentIl/Elle/Onaurait
61%
Conditionnel présentIls/Ellesauraient
59%
Conditionnel passéJeaurais eu
58%
Conditionnel passéTuaurais eu
58%
Conditionnel passéIl/Elle/Onaurait eu
58%
Conditionnel passéVousauriez eu
58%
Conditionnel passéNousaurions eu
58%
InfinitifPrésentavoir
57%
Conditionnel passéIls/Ellesauraient eu
55%
Subjonctif présentJeaie
54%
Subjonctif présentTuaies
53%
Subjonctif présentIl/Elle/Onait
53%
Subjonctif présentVousayez
51%
Subjonctif présentNousayons
51%
Subjonctif présentIls/Ellesaient
48%
Subjonctif passéJeaie eu
47%
Subjonctif passéTuaies eu
46%
Subjonctif passéIl/Elle/Onait eu
46%
Subjonctif passéVousayez eu
44%
Subjonctif passéNousayons eu
44%
Impératif présentTuaie
42%
Subjonctif passéIls/Ellesaient eu
42%
Subjonctif imparfaitIl/Elle/Oneût
42%
Subjonctif imparfaitJeeusse
41%
Subjonctif imparfaitTueusses
41%
Impératif présentVousayez
40%
Impératif présentNousayons
40%
Subjonctif plus-que-parfaitJeeusse eu
40%
Subjonctif plus-que-parfaitTueusses eu
40%
Subjonctif plus-que-parfaitIl/Elle/Oneût eu
40%
InfinitifPasséavoir eu
38%
Subjonctif imparfaitIls/Elleseussent
38%
Subjonctif imparfaitVouseussiez
38%
Subjonctif imparfaitNouseussions
38%
ParticipePasséeu
37%
Subjonctif plus-que-parfaitIls/Elleseussent eu
37%
Subjonctif plus-que-parfaitVouseussiez eu
37%
Subjonctif plus-que-parfaitNouseussions eu
37%
ParticipePrésentayant
31%
Impératif passéTuaie eu
27%
Impératif passéVousayez eu
27%
Impératif passéNousayons eu
27%
ParticipePasséayant eu
24%
GérondifPrésenten ayant
18%
GérondifPasséen ayant eu
17%

Distribution des résultats

Percentile par nombre de réponses

% des personnes avec chaque résultat

Votre développement - résultats

Vous n’avez pas pris ce quiz